| 000 | 00691nam a22002057a 4500 | ||
|---|---|---|---|
| 003 | OSt | ||
| 005 | 20260210101129.0 | ||
| 008 | 260210b |||||||| |||| 00| 0 eng d | ||
| 020 | _a0321116488 | ||
| 040 | _cChuka University Library | ||
| 050 |
_aPC 2129 _b.M36 2005 |
||
| 100 |
_aColtinari, Helen., Anne Curry., & John Erskine _923089 |
||
| 245 | _aCa marche 2: Musique-mania | ||
| 260 |
_aToronto _bPearson Education _c2005 |
||
| 300 |
_a32p. _bColored illustrations |
||
| 650 |
_aFrench language---Textbooks for foreign speakers _922931 |
||
| 650 |
_aFrench language---Study and teaching _922907 |
||
| 650 |
_aFrench language---Conversation & phrase books _923080 |
||
| 942 |
_2lcc _cBK _n0 |
||
| 999 |
_c21436 _d21436 |
||